01005cam a22002657a 4500003000500000005001700005008004100022010001000063011001000073035001000083040000900093100003800102245019100140260004100331300004800372502008200420530003600502650002800538650002600566650001200592650001900604650002200623700003100645856006300676CHAP20220329142828.0040624s2003 mx a r 00010 spa d a88378 a89350 a99901 cCHAP00aRamírez Luna, Francisco Samuel.10aCaptación y almacenamiento de agua para una explotación agropecuaria en la región serrana del estado de Querétaroc/por Francisco Samuel Ramírez Luna y Alfredo Cuellar Victoria aChapingo, Méx. :bEl autor,c2003. a124 h. :bilus.; gráfs.; mapas.; cuadros. aTesis ( Ing. Agr. Esp. en Irrigación) -- UACH. Departamento de Irrigación aTambién disponible en línea14aAgriculturaxQueretaro.14aAguaxAlmacenamiento.14aBordos.14aEvaporación.14aPresas de tierra.0 aCuellar Victoria, Alfredo. 3Finding aiduhttp://10.13.5.2/tesis/99901.pdfzTeclea aqui